| 000 | 00954cam a2200217 4500 | ||
|---|---|---|---|
| 001 | WB3919-15 | ||
| 008 | 030522n2003 000 0 eng u | ||
| 035 | _a(Sirsi) u122367 | ||
| 245 | _aRICS urges government to unshackle housing markets | ||
| 260 | _c2003 | ||
| 490 |
_aRICS Press Release _v(pr048) 22 May 2003 (2) |
||
| 520 | _aRICS has published the latest paper in the Leading Edge series, "Improving Housing Markets". The paper argues that heavy-handed government intervention in housing markets has been a major contributor to the scale of the housing crisis that the world is currently facing and housing policies in developed countries do not offer a suitable model for other countries to follow. | ||
| 590 | _aWB | ||
| 650 | _aPROPERTY MARKETS | ||
| 650 | _aHOUSING POLICIES | ||
| 650 | _aHOUSING CRISIS | ||
| 650 | _aDEVELOPING COUNTRIES | ||
| 650 | _aPRIVATE RENTED HOUSING | ||
| 690 |
_aAffordable housing _96215 |
||
| 942 | _n0 | ||
| 999 |
_c72724 _d72724 |
||